zpět

Detail výsledku týmu

Speciál UP, Olomouc

Datum a čas kvízu

33 Celkem bodů Celkový počet nahraných bodů na tomto kvízu bez doplňovacích otázek.
3. Pořadí na kvízu Konečné umístění týmu na tomto kvízu.

Zaznamenané odpovědi

# Otázka Odpověď Body Výsledky
1. Minulé pondělí zažila Paříž po... Den dobytí Bastily 1
2. 13. července uplynulo 100 let... Věstonická venuše 1
3. Počátkem léta vybojovala unive... LEMUR 1
4. I přes požár a shoření hlavní... Tomorrowland 1
5. Vítězně vstoupila Sigma Olomou... Slovácko 1
6. Nyní se zatouláme na české hra... Pražský hrad 1
7. Na snímku vidíte hrad, který s... Krakovec, Ať žijí duchové! 1
8. Jak se jmenuje jeden z největš... Pernštejn 1
9. K létu patří i festival Hrady... 8 hradech(Uznáváme 7-9 hradů.) 1
10. Jsou místa, kam i král musel p... prevét, výsernice 1